|
|
|
|
| LEADER |
03796nam a2200445 4500 |
| 001 |
978-3-030-22857-6 |
| 003 |
DE-He213 |
| 005 |
20191220131306.0 |
| 007 |
cr nn 008mamaa |
| 008 |
190821s2019 gw | s |||| 0|eng d |
| 020 |
|
|
|a 9783030228576
|9 978-3-030-22857-6
|
| 024 |
7 |
|
|a 10.1007/978-3-030-22857-6
|2 doi
|
| 040 |
|
|
|d GrThAP
|
| 050 |
|
4 |
|a RD701-811
|
| 072 |
|
7 |
|a MNS
|2 bicssc
|
| 072 |
|
7 |
|a MED065000
|2 bisacsh
|
| 072 |
|
7 |
|a MNS
|2 thema
|
| 082 |
0 |
4 |
|a 616.7
|2 23
|
| 245 |
1 |
0 |
|a Fractures of the Elbow
|h [electronic resource] :
|b A Clinical Casebook /
|c edited by Nirmal C. Tejwani.
|
| 250 |
|
|
|a 1st ed. 2019.
|
| 264 |
|
1 |
|a Cham :
|b Springer International Publishing :
|b Imprint: Springer,
|c 2019.
|
| 300 |
|
|
|a XVI, 215 p. 108 illus., 28 illus. in color.
|b online resource.
|
| 336 |
|
|
|a text
|b txt
|2 rdacontent
|
| 337 |
|
|
|a computer
|b c
|2 rdamedia
|
| 338 |
|
|
|a online resource
|b cr
|2 rdacarrier
|
| 347 |
|
|
|a text file
|b PDF
|2 rda
|
| 505 |
0 |
|
|a Supracondylar Humerus Extra-articular Fracture -- Pediatric Supracondylar Humerus Fractures -- Distal Humerus: Intra-articular Fractures with ORIF and Dual Plating -- Distal Humerus Fracture: Total Elbow Arthroplasty -- Distal Humerus: Coronal Shear (Capitellum) Fractures -- Distal Humerus: Unicondylar Fractures -- Pediatric Lateral Condyle Humerus Fracture -- Distal Humerus Nonunion Treated with Open Reduction and Internal Fixation -- Elbow Fracture Dislocation Treated with Replacement -- The Chronic (Missed) Elbow Dislocation -- Olecranon Fracture: Tension Band Wiring -- Olecranon Fracture: Plating Techniques -- Failed Olecranon Fixation -- Coronoid Fracture: Open Reduction, Internal Fixation -- Radial Head and Neck Fractures: Open Reduction and Internal Fixation -- Radial Head Replacement for an Acute Complex Radial Head Fracture -- Monteggia Fracture-Dislocation: Ulna Fixation Only -- Monteggia Fracture-Dislocation: Ulna and Radius Fixation -- Monteggia Fracture Dislocation: Ulna Fixation with Radial Head Replacement -- Proximal Both Bone Forearm Fractures: A Dorsal Approach to the Radius -- Management of Elbow Stiffness.
|
| 520 |
|
|
|a Comprised exclusively of more than 20 clinical cases covering common fractures of and around the elbow, this concise, practical casebook will provide clinicians with the best real-world strategies to properly manage open and closed fractures, dislocations and nonunions of the distal humerus and proximal radius and ulna. Each chapter is a case that opens with a unique clinical presentation with associated radiology, followed by a description of the diagnosis, assessment and management techniques used to treat it, as well as the case outcome and clinical pearls. Cases included illustrate the surgical management of intra- and extra-articular fractures of the distal humerus, coronal shear, coronoid and olecranon fractures, the "terrible triad," Monteggia fractures, and complications, among others. Pragmatic and reader-friendly, Fractures of the Elbow: A Clinical Casebook will be an excellent resource for orthopedic surgeons and sports medicine specialists confronted with these common injuries of the elbow.
|
| 650 |
|
0 |
|a Orthopedics.
|
| 650 |
|
0 |
|a Sports medicine.
|
| 650 |
1 |
4 |
|a Orthopedics.
|0 http://scigraph.springernature.com/things/product-market-codes/H45000
|
| 650 |
2 |
4 |
|a Sports Medicine.
|0 http://scigraph.springernature.com/things/product-market-codes/H58005
|
| 700 |
1 |
|
|a Tejwani, Nirmal C.
|e editor.
|4 edt
|4 http://id.loc.gov/vocabulary/relators/edt
|
| 710 |
2 |
|
|a SpringerLink (Online service)
|
| 773 |
0 |
|
|t Springer eBooks
|
| 776 |
0 |
8 |
|i Printed edition:
|z 9783030228569
|
| 776 |
0 |
8 |
|i Printed edition:
|z 9783030228583
|
| 856 |
4 |
0 |
|u https://doi.org/10.1007/978-3-030-22857-6
|z Full Text via HEAL-Link
|
| 912 |
|
|
|a ZDB-2-SME
|
| 950 |
|
|
|a Medicine (Springer-11650)
|